[Event "WTCC-50 2018"]
[Site "Radebeul"]
[Date "2018.07.08"]
[Round "2"]
[White "Dietze, Frank"]
[Black "Kudrin, Sergey"]
[Result "1/2-1/2"]
[WhiteElo "2203"]
[BlackElo "2468"]
[Annotator "TA"]
[PlyCount "39"]
[EventDate "2018.07.07"]
[EventType "team-tourn"]
[EventCountry "GER"]
[SourceTitle "playchess.com"]
[Source "ChessBase"]
[SourceQuality "1"]

{[%evp 23,39,20,33,0,0,-41,43,0,0,-8,0,7,25,21,21,-2,47,26]} 1. d4 Nf6 2. c4 g6 3. g3 Bg7 4. Bg2 d5 5. cxd5 Nxd5 6. Nc3 Nb6 7. Nf3 Nc6 8. e3 O-O 9. O-O Re8 10. Re1 a5 {D76: Grünfeldindisch (Fianchetto HV 7... Sb6)} 11. Qe2 (11. h3 a4 12. Rb1 a3 13. bxa3 e5 14. dxe5 Nxe5 15. Qxd8 Nxf3+ 16. Bxf3 Rxd8 17. Nb5 Be5 18. Nd4 Bxh3 19. Bxb7 Bxd4 20. exd4 {1-0 (38) Ivanchuk,V (2726)-Muzychuk,M (2540) Caleta 2018}) 11... Be6 12. Nd2 a4 {LiveBook: 16 Partien. Die Stellung ist ausgeglichen.} 13. Rb1 Bf5 14. Nde4 {[#]} Qc8 $146 ({Günstiger ist} 14... e5 $15 15. d5 Nb4) ({Vorgänger:} 14... e5 15. d5 Ne7 16. Rd1 Nexd5 17. Nxd5 Nxd5 18. Qb5 {½-½ (73) Ruck,R (2562)-Martinovic,S (2527) Slovenia 2011}) 15. Rd1 Rd8 16. b3 e5 {[%cal Re5d4]} 17. d5 Ne7 {[%cal Re7d5]} 18. d6 cxd6 19. Qb5 Ra6 20. Ba3 {Precision: Weiß = 19%, Schwarz = 44%.} 1/2-1/2

[Event "WTCC-50 2018"]
[Site "Radebeul"]
[Date "2018.07.08"]
[Round "2"]
[White "Polster, Wolfgang"]
[Black "Mai, Iris"]
[Result "1-0"]
[WhiteElo "2203"]
[BlackElo "2038"]
[Annotator "NA"]
[PlyCount "61"]
[EventDate "2018.07.07"]
[EventType "team-tourn"]
[EventCountry "GER"]
[SourceTitle "playchess.com"]
[Source "ChessBase"]
[SourceQuality "1"]
[TimeControl "40/5400+30:1800+30"]

1. e4 {[%emt 0:00:00]} c5 {[%emt 0:00:00]} 2. Nc3 {[%emt 0:00:00]} e6 {[%emt 0:00:13]} 3. Nf3 {[%emt 0:00:14]} a6 {[%emt 0:00:50]} 4. Be2 {[%emt 0:01:06]} b5 {[%emt 0:03:58]} 5. d3 {[%emt 0:05:08]} d6 {[%emt 0:07:19]} 6. O-O {[%emt 0:01:32]} Bb7 {[%emt 0:03:20]} 7. Re1 {[%emt 0:06:36]} Nd7 {[%emt 0:07:35]} 8. Bf4 {[%emt 0:09:20]} e5 {[%emt 0:18:26]} 9. Bg3 {[%emt 0:07:29]} b4 {[%emt 0:07:34]} 10. Nb1 {[%emt 0:03:02]} h5 $14 {[%emt 0:00:22]} 11. h4 {[%emt 0:04:59]} Be7 {[%emt 0:00:10]} 12. Nbd2 {[%emt 0:00:41]} Nf8 {[%emt 0:10:08]} 13. c3 {[%emt 0:00:41]} bxc3 {[%emt 0:09:34]} 14. Qa4+ {[%emt 0:03:28]} Qd7 {[%emt 0:00:08]} 15. Qxd7+ {[%emt 0:00:07]} Nxd7 {[%emt 0:06:06]} 16. bxc3 {[%emt 0:00:16]} Ngf6 {[%emt 0:05:12]} 17. Nc4 {[%emt 0:04:20]} Ra7 {[%emt 0:01:37]} 18. Bd1 {[%emt 0:02:48]} O-O {[%emt 0:03:14]} 19. Ba4 {[%emt 0:00:50]} Rc8 {[%emt 0:03:24]} 20. Rab1 {[%emt 0:01:34]} Bc6 {[%emt 0:03:28]} 21. Bxc6 {[%emt 0:01:08]} Rxc6 {[%emt 0:00:02]} 22. Rb3 {[%emt 0:00:43]} Kh7 {[%emt 0:03:31]} 23. Reb1 {[%emt 0:01:58]} Kg6 {[%emt 0:01:01]} 24. Bxe5 {[%emt 0:01:45]} Ng4 {[%emt 0:01:04]} 25. Bf4 {[%emt 0:00:55]} f6 {[%emt 0:01:25]} 26. Rb7 {[%emt 0:01:40]} Rc7 {[%emt 0:01:58]} 27. Rxc7 {[%emt 0:04:04]} Rxc7 {[%emt 0:00:02]} 28. Nxd6 {[%emt 0:00:31]} Nde5 {[%emt 0:00:13]} 29. Nc4 {[%emt 0:03:01]} Rd7 {[%emt 0:00:36]} 30. Bxe5 {[%emt 0:00:14]} Rxd3 {[%emt 0:00:30]} 31. Ne1 {[%emt 0:01:11]} 1-0

[Event "WTCC-50 2018"]
[Site "Radebeul"]
[Date "2018.07.08"]
[Round "2"]
[White "Pedersen, Gunnar"]
[Black "Paehtz, Thomas"]
[Result "1/2-1/2"]
[WhiteElo "2201"]
[BlackElo "2347"]
[Annotator "NA"]
[PlyCount "53"]
[EventDate "2018.07.07"]
[EventType "team-tourn"]
[EventCountry "GER"]
[SourceTitle "playchess.com"]
[Source "ChessBase"]
[SourceQuality "1"]
[TimeControl "40/5400+30:1800+30"]

1. d4 {[%emt 0:00:00]} Nf6 {[%emt 0:00:00]} 2. Nf3 {[%emt 0:00:00]} d6 {[%emt 0:00:08]} 3. c4 {[%emt 0:00:05]} c6 {[%emt 0:00:11]} 4. Nc3 {[%emt 0:00:21]} Bf5 {[%emt 0:00:06]} 5. e3 {[%emt 0:04:54]} g6 {[%emt 0:10:20]} 6. Bd3 {[%emt 0:04:43]} Bxd3 {[%emt 0:00:22]} 7. Qxd3 {[%emt 0:00:09]} Bg7 {[%emt 0:00:09]} 8. O-O {[%emt 0:00:56]} Nbd7 {[%emt 0:04:05]} 9. b3 {[%emt 0:02:29]} O-O {[%emt 0:00:31]} 10. Bb2 {[%emt 0:00:41]} e5 {[%emt 0:02:55]} 11. Rad1 {[%emt 0:03:50]} Re8 {[%emt 0:03:00]} 12. dxe5 {[%emt 0:06:02]} dxe5 {[%emt 0:01:37]} 13. Ne4 {[%emt 0:00:31]} Nxe4 {[%emt 0:01:19]} 14. Qxd7 $11 {[%emt 0:11:31]} Qb6 {[%emt 0:11:00]} 15. Qd3 {[%emt 0:13:25]} Nxf2 {[%emt 0:29:07]} 16. Rxf2 {[%emt 0:01:17]} e4 {[%emt 0:00:08]} 17. Qe2 {[%emt 0:00:10]} Bxb2 {[%emt 0:21:03]} 18. Ng5 {[%emt 0:03:04]} Bg7 {[%emt 0:00:21]} 19. Rxf7 {[%emt 0:20:11]} Rad8 {[%emt 0:05:05]} 20. Rdd7 {[%emt 0:13:12]} Rxd7 {[%emt 0:00:51]} 21. Rxd7 {[%emt 0:01:11]} Bh6 22. h4 {[%emt 0:01:09]} Bxg5 {[%emt 0:07:36]} 23. hxg5 {[%emt 0:00:07]} Qc5 {[%emt 0:00:10]} 24. Qb2 {[%emt 0:03:26]} Qxe3+ {[%emt 0:00:23]} 25. Kh1 {[%emt 0:00:32]} Qe1+ {[%emt 0:00:36]} 26. Kh2 {[%emt 0:00:09]} Qh4+ {[%emt 0:00:32]} 27. Kg1 {[%emt 0:00:08]} 1/2-1/2

[Event "WTCC-50 2018"]
[Site "Radebeul"]
[Date "2018.07.08"]
[Round "2"]
[White "Burchardt, Brigitte"]
[Black "Fritsche, Lutz"]
[Result "0-1"]
[WhiteElo "2195"]
[BlackElo "2303"]
[Annotator "NA"]
[PlyCount "70"]
[EventDate "2018.07.07"]
[EventType "team-tourn"]
[EventCountry "GER"]
[SourceTitle "playchess.com"]
[Source "ChessBase"]
[SourceQuality "1"]
[TimeControl "40/5400+30:1800+30"]

1. e4 {[%emt 0:00:00]} g6 {[%emt 0:00:00]} 2. d4 {[%emt 0:00:00]} Bg7 {[%emt 0:00:00]} 3. Nc3 {[%emt 0:00:00]} d6 {[%emt 0:00:09]} 4. Be3 {[%emt 0:03:08]} a6 {[%emt 0:00:45]} 5. a4 {[%emt 0:03:29]} b6 {[%emt 0:04:29]} 6. Bc4 {[%emt 0:03:08]} Bb7 {[%emt 0:03:58]} 7. Nge2 {[%emt 0:06:30]} Nf6 {[%emt 0:00:41]} 8. f3 {[%emt 0:00:05]} d5 {[%emt 0:02:11]} 9. exd5 {[%emt 0:06:03]} Nxd5 {[%emt 0:00:15]} 10. Nxd5 {[%emt 0:00:05]} Bxd5 {[%emt 0:00:08]} 11. Bxd5 {[%emt 0:07:09]} Qxd5 {[%emt 0:00:15]} 12. O-O {[%emt 0:01:50]} Nc6 {[%emt 0:01:32]} 13. Qd3 {[%emt 0:11:39]} O-O {[%emt 0:05:21]} 14. Rfd1 {[%emt 0:11:43]} Rfd8 $11 {[%emt 0:07:31]} 15. c3 {[%emt 0:08:19]} Ne5 {[%emt 0:07:53]} 16. Qc2 {[%emt 0:07:23]} Nc4 {[%emt 0:02:24]} 17. Bf2 {[%emt 0:08:27]} Bh6 {[%emt 0:00:38]} 18. Rd3 {[%emt 0:00:14]} b5 {[%emt 0:01:05]} 19. Ng3 {[%emt 0:04:18]} Qc6 {[%emt 0:08:46]} 20. b3 {[%emt 0:01:52]} Nb6 {[%emt 0:01:03]} 21. a5 {[%emt 0:08:50]} Nd5 {[%emt 0:00:21]} 22. Qb2 {[%emt 0:00:03]} Nf4 {[%emt 0:07:45]} 23. Rdd1 {[%emt 0:00:28]} e5 {[%emt 0:05:52]} 24. b4 {[%emt 0:01:47]} Qc4 {[%emt 0:03:09]} 25. Qc2 {[%emt 0:01:52]} Nd5 {[%emt 0:09:12]} 26. dxe5 {[%emt 0:01:58]} Nxc3 {[%emt 0:00:52]} 27. Rxd8+ {[%emt 0:01:14]} Rxd8 {[%emt 0:00:10]} 28. e6 {[%emt 0:00:39]} fxe6 {[%emt 0:00:26]} 29. Bc5 {[%emt 0:00:49]} Rd2 {[%emt 0:00:19]} 30. Qc1 {[%emt 0:00:13]} Rxg2+ {[%emt 0:08:04]} 31. Kxg2 {[%emt 0:00:02]} Bxc1 {[%emt 0:00:17]} 32. Rxc1 {[%emt 0:00:02]} Qd3 {[%emt 0:00:14]} 33. Rf1 {[%emt 0:01:09]} Nd5 {[%emt 0:01:20]} 34. Re1 {[%emt 0:01:07]} Nf4+ {[%emt 0:00:22]} 35. Kf2 {[%emt 0:01:23]} Qd2+ {[%emt 0:00:17]} 0-1

[Event "WTCC-50 2018"]
[Site "Radebeul"]
[Date "2018.07.08"]
[Round "2"]
[White "Olsson, Peter"]
[Black "Plotkin, Victor"]
[Result "1/2-1/2"]
[WhiteElo "2172"]
[BlackElo "2248"]
[Annotator "NA"]
[PlyCount "108"]
[EventDate "2018.07.07"]
[EventType "team-tourn"]
[EventCountry "GER"]
[SourceTitle "playchess.com"]
[Source "ChessBase"]
[SourceQuality "1"]
[TimeControl "40/5400+30:1800+30"]

1. d4 {[%emt 0:00:04]} Nf6 {[%emt 0:00:00]} 2. Bf4 {[%emt 0:00:08]} e6 {[%emt 0:01:00]} 3. e3 {[%emt 0:02:48]} b6 {[%emt 0:01:10]} 4. Nd2 {[%emt 0:04:52]} Bb7 {[%emt 0:00:26]} 5. c3 {[%emt 0:00:51]} Be7 {[%emt 0:00:15]} 6. h3 {[%emt 0:00:39]} d6 {[%emt 0:02:49]} 7. Ngf3 {[%emt 0:04:08]} c5 {[%emt 0:06:29]} 8. Bd3 {[%emt 0:04:12]} Nc6 {[%emt 0:02:21]} 9. Qe2 {[%emt 0:04:03]} O-O {[%emt 0:03:43]} 10. O-O {[%emt 0:04:07]} Qc7 {[%emt 0:20:14] LiveBook: 9 Games A47: 1 d4 Nf6 2 Nf3 b6: Torre, London and Colle Systems} 11. a3 {[%emt 0:15:19]} (11. dxc5 bxc5 12. e4 Nd7 13. Nc4 Nb6 14. Rad1 Nxc4 15. Bxc4 Rad8 16. Rd2 Ne5 17. Nxe5 dxe5 18. Rxd8 Rxd8 {½-½ (55) Martinovic,S (2583)-Cvitan,O (2484) Zadar 2017}) 11... Rfe8 {[%emt 0:02:58]} 12. Bh2 {[%emt 0:07:30]} e5 $146 {[%emt 0:02:57]} ({Predecessor:} 12... Bf8 13. e4 e5 14. dxe5 dxe5 15. Ba6 {½-½ (15) Backwinkel,P (2317)-Van Osch,M (2263) Germany 2016}) 13. dxe5 {[%emt 0:00:57]} dxe5 {[%emt 0:01:18]} 14. Bc4 {[%emt 0:04:44]} Bf8 {[%emt 0:07:36]} 15. Rfd1 {[%emt 0:08:20]} h6 {[%emt 0:03:36]} 16. e4 {[%emt 0:04:06]} g6 {[%emt 0:12:00]} 17. Nh4 {[%emt 0:18:11]} Kg7 {[%emt 0:00:52]} 18. Rf1 {[%emt 0:06:58]} Bd6 {[%emt 0:01:19]} 19. Rad1 {[%emt 0:00:54]} Rad8 {[%emt 0:02:18]} 20. Bb5 {[%emt 0:02:04]} Qc8 {[%emt 0:01:17]} 21. Nc4 {[%emt 0:01:33]} Bc7 {[%emt 0:00:28]} 22. Rxd8 {[%emt 0:00:21]} Qxd8 {[%emt 0:00:33]} 23. Rd1 {[%emt 0:00:52]} Qe7 {[%emt 0:01:12]} 24. Ne3 {[%emt 0:00:11]} Kh7 {[%emt 0:04:32]} 25. Nd5 {[%emt 0:01:49]} Nxd5 {[%emt 0:00:25]} 26. exd5 {[%emt 0:00:04]} Qxh4 {[%emt 0:00:28]} 27. Bxc6 {[%emt 0:01:06]} Bxc6 {[%emt 0:00:46]} 28. dxc6 {[%emt 0:00:02]} Qf6 {[%emt 0:01:27]} 29. Rd7 {[%emt 0:00:58]} Re7 {[%emt 0:00:38]} 30. Qd2 {[%emt 0:01:19]} Qe6 {[%emt 0:04:56]} 31. b4 {[%emt 0:00:44]} cxb4 {[%emt 0:02:48]} 32. cxb4 {[%emt 0:00:24]} b5 {[%emt 0:01:03]} 33. Qd5 {[%emt 0:01:17]} Rxd7 {[%emt 0:00:59]} 34. Qxd7 {[%emt 0:00:17]} Qxd7 {[%emt 0:00:18]} 35. cxd7 {[%emt 0:00:02]} f6 {[%emt 0:00:46]} 36. f4 {[%emt 0:00:25]} e4 {[%emt 0:04:44]} 37. f5 {[%emt 0:00:12]} Bb6+ {[%emt 0:02:44]} 38. Kf1 {[%emt 0:00:01]} gxf5 {[%emt 0:00:19]} 39. Bg1 {[%emt 0:00:08]} Bd8 {[%emt 0:01:31]} 40. Bxa7 {[%emt 0:00:16]} Kg6 {[%emt 0:00:32]} 41. Ke2 {[%emt 0:14:21]} Kf7 {[%emt 0:00:38]} 42. Ke3 {[%emt 0:03:00]} Ke6 {[%emt 0:03:04]} 43. Kd4 {[%emt 0:05:35]} Be7 {[%emt 0:01:49]} 44. g4 {[%emt 0:00:52]} fxg4 {[%emt 0:02:04]} 45. hxg4 {[%emt 0:00:11]} Kxd7 {[%emt 0:06:22]} 46. Kxe4 {[%emt 0:00:16]} Ke6 {[%emt 0:00:18]} 47. Bc5 {[%emt 0:03:21]} Bd8 {[%emt 0:01:08]} 48. Bf8 $11 {[%emt 0:02:09]} Bc7 {[%emt 0:00:15]} 49. Kd4 Bb6+ {[%emt 0:00:19]} 50. Ke4 {[%emt 0:05:19]} Bc7 {[%emt 0:00:09]} 51. Kd4 {[%emt 0:00:15]} Bb6+ {[%emt 0:00:08]} 52. Ke4 {[%emt 0:00:20]} Bc7 53. Bxh6 Be5 54. Bf8 Bc7 1/2-1/2

[Event "WTCC-50 2018"]
[Site "Radebeul"]
[Date "2018.07.08"]
[Round "2"]
[White "Ernst, Michael"]
[Black "Hoebarth, Guenter"]
[Result "1/2-1/2"]
[WhiteElo "2156"]
[BlackElo "1952"]
[Annotator "NA"]
[PlyCount "75"]
[EventDate "2018.07.07"]
[EventType "team-tourn"]
[EventCountry "GER"]
[SourceTitle "playchess.com"]
[Source "ChessBase"]
[SourceQuality "1"]
[TimeControl "40/5400+30:1800+30"]

1. d4 {[%emt 0:00:00]} Nf6 {[%emt 0:00:05]} 2. Bf4 {[%emt 0:00:00]} c5 {[%emt 0:02:41]} 3. e3 {[%emt 0:00:00]} cxd4 {[%emt 0:01:14]} 4. exd4 {[%emt 0:00:09]} Nd5 {[%emt 0:01:38]} 5. Bc1 {[%emt 0:04:24]} Qa5+ {[%emt 0:02:24]} 6. c3 {[%emt 0:01:30]} Nc6 {[%emt 0:04:38]} 7. Nf3 {[%emt 0:01:22]} d6 {[%emt 0:03:23]} 8. Be2 {[%emt 0:08:53]} g6 {[%emt 0:03:26]} 9. O-O {[%emt 0:00:26]} Bg7 {[%emt 0:00:16]} 10. Re1 {[%emt 0:00:42]} O-O {[%emt 0:00:11]} 11. h3 {[%emt 0:05:08]} e5 {[%emt 0:06:24]} 12. dxe5 {[%emt 0:03:41]} dxe5 {[%emt 0:03:24]} 13. Nbd2 {[%emt 0:04:08]} Nf4 {[%emt 0:26:57]} 14. Nc4 {[%emt 0:01:36]} Nxe2+ {[%emt 0:01:19]} 15. Qxe2 {[%emt 0:00:07]} Qc7 {[%emt 0:01:15]} 16. Ncxe5 {[%emt 0:07:04]} Nxe5 {[%emt 0:02:04]} 17. Nxe5 {[%emt 0:00:18]} Be6 {[%emt 0:01:15]} 18. Bf4 {[%emt 0:02:17]} Qc5 {[%emt 0:00:39]} 19. Nd3 {[%emt 0:02:28]} Qf5 {[%emt 0:02:36]} 20. Qe3 {[%emt 0:09:26]} Bc4 {[%emt 0:02:11]} 21. Nc5 {[%emt 0:04:58]} b5 {[%emt 0:12:28]} 22. Nb3 {[%emt 0:02:55]} Qc2 {[%emt 0:07:13]} 23. Qd2 {[%emt 0:03:10]} Bxb3 {[%emt 0:02:05]} 24. axb3 {[%emt 0:00:04]} Qxb3 {[%emt 0:00:02]} 25. Ra3 {[%emt 0:01:07]} Qc4 {[%emt 0:00:21]} 26. Rea1 {[%emt 0:02:03]} Rad8 {[%emt 0:02:19]} 27. Qc1 {[%emt 0:02:33]} b4 {[%emt 0:01:03]} 28. Rxa7 {[%emt 0:13:32]} bxc3 {[%emt 0:00:42]} 29. bxc3 {[%emt 0:00:41]} Qxc3 {[%emt 0:00:25]} 30. Qxc3 {[%emt 0:00:18]} Bxc3 {[%emt 0:00:15]} 31. Rc1 {[%emt 0:00:50]} Bd4 {[%emt 0:00:33]} 32. Rb7 {[%emt 0:00:37]} Kg7 {[%emt 0:01:09]} 33. Rc4 {[%emt 0:02:08]} Bf6 {[%emt 0:00:57]} 34. Be3 {[%emt 0:03:02]} Rd1+ {[%emt 0:00:08]} 35. Kh2 {[%emt 0:00:24]} Rfd8 {[%emt 0:00:32]} 36. g3 {[%emt 0:01:30]} R8d7 {[%emt 0:00:09]} 37. Rb8 {[%emt 0:01:01]} Be5 {[%emt 0:02:14]} 38. Rb5 {[%emt 0:00:49]} 1/2-1/2

[Event "WTCC-50 2018"]
[Site "Radebeul"]
[Date "2018.07.08"]
[Round "2"]
[White "Pruefer, Friedbert"]
[Black "Benjamin, Joel"]
[Result "1/2-1/2"]
[WhiteElo "2144"]
[BlackElo "2544"]
[Annotator "ChessBase"]
[PlyCount "67"]
[EventDate "2018.07.07"]
[EventType "team-tourn"]
[EventCountry "GER"]
[SourceTitle "playchess.com"]
[Source "ChessBase"]
[SourceQuality "1"]
[TimeControl "40/5400+30:1800+30"]

1. Nf3 {[%emt 0:00:00]} Nf6 {[%emt 0:00:09]} 2. e3 {[%emt 0:00:00]} g6 {[%emt 0:01:46]} 3. b3 {[%emt 0:00:32]} Bg7 {[%emt 0:00:17]} 4. Bb2 {[%emt 0:00:03]} O-O {[%emt 0:01:35]} 5. c4 {[%emt 0:03:13]} c6 {[%emt 0:09:20]} 6. Be2 {[%emt 0:07:31]} d6 {[%emt 0:04:52]} 7. d4 {[%emt 0:02:01]} a6 {[%emt 0:00:35]} 8. O-O {[%emt 0:03:07]} b5 {[%emt 0:01:02]} 9. Nbd2 {[%emt 0:02:17]} Nbd7 {[%emt 0:01:45]} 10. a4 {[%emt 0:10:45]} bxc4 {[%emt 0:04:21]} 11. Nxc4 {[%emt 0:01:39]} a5 {[%emt 0:02:38]} 12. Rc1 {[%emt 0:04:27]} Bb7 {[%emt 0:05:23]} 13. Ne1 {[%emt 0:03:50]} c5 {[%emt 0:12:13]} 14. Nd3 {[%emt 0:07:04]} cxd4 {[%emt 0:02:33]} 15. Bxd4 {[%emt 0:01:51]} Ne4 {[%emt 0:00:51]} 16. Bxg7 {[%emt 0:02:00]} Kxg7 {[%emt 0:00:03]} 17. Nf4 {[%emt 0:03:13]} Nef6 {[%emt 0:03:17]} 18. Nd3 {[%emt 0:02:51]} Qb8 {[%emt 0:04:08]} 19. Qd2 {[%emt 0:02:01]} Ne4 {[%emt 0:06:49]} 20. Qb2+ {[%emt 0:01:51]} Kg8 {[%emt 0:00:12]} 21. Rfd1 {[%emt 0:08:22]} Rd8 {[%emt 0:08:12]} 22. b4 {[%emt 0:04:05]} axb4 {[%emt 0:01:26]} 23. Qxb4 {[%emt 0:00:18]} Ba6 {[%emt 0:10:26]} 24. a5 {[%emt 0:03:04]} Nec5 {[%emt 0:01:40]} 25. Nb6 {[%emt 0:05:43]} Ra7 {[%emt 0:02:07]} 26. Nxc5 {[%emt 0:06:03]} Nxc5 {[%emt 0:03:26]} 27. Bxa6 {[%emt 0:01:20]} Rxa6 {[%emt 0:00:13]} 28. Ra1 {[%emt 0:03:50]} Rd7 {[%emt 0:03:18]} 29. Rdb1 {[%emt 0:01:13]} Rda7 {[%emt 0:00:43]} 30. Qc3 {[%emt 0:00:54]} Qd8 {[%emt 0:01:20]} 31. Rb5 {[%emt 0:00:38]} Qe8 {[%emt 0:00:44]} 32. Rab1 {[%emt 0:00:24]} Rb7 {[%emt 0:01:50]} 33. Qc4 {[%emt 0:01:29]} Raa7 {[%emt 0:01:00]} 34. h4 1/2-1/2

[Event "WTCC-50 2018"]
[Site "Radebeul"]
[Date "2018.07.08"]
[Round "2"]
[White "Frostick, Clive A"]
[Black "Hebden, Mark L"]
[Result "1/2-1/2"]
[WhiteElo "2133"]
[BlackElo "2423"]
[Annotator "NA"]
[PlyCount "100"]
[EventDate "2018.07.07"]
[EventType "team-tourn"]
[EventCountry "GER"]
[SourceTitle "playchess.com"]
[Source "ChessBase"]
[SourceQuality "1"]
[TimeControl "40/5400+30:1800+30"]

1. d4 {[%emt 0:00:00]} Nf6 {[%emt 0:00:00]} 2. Nf3 {[%emt 0:00:00]} c5 {[%emt 0:01:46]} 3. e3 {[%emt 0:02:07]} g6 {[%emt 0:01:23]} 4. dxc5 {[%emt 0:06:21]} Qa5+ {[%emt 0:03:01]} 5. Nbd2 {[%emt 0:00:56]} Bg7 {[%emt 0:01:22]} 6. a3 {[%emt 0:10:37]} Qxc5 {[%emt 0:01:02]} 7. b4 {[%emt 0:00:40]} Qc7 {[%emt 0:00:20]} 8. Bb2 {[%emt 0:00:31]} O-O {[%emt 0:00:21]} 9. c4 {[%emt 0:05:29]} b6 {[%emt 0:01:47]} 10. Be2 {[%emt 0:05:00]} Bb7 {[%emt 0:00:27]} 11. O-O {[%emt 0:00:56]} d6 {[%emt 0:00:42]} 12. Rc1 {[%emt 0:03:45]} Nbd7 {[%emt 0:00:35]} 13. Qb3 {[%emt 0:02:40]} Rac8 {[%emt 0:00:42]} 14. Rc2 {[%emt 0:05:18] A48: 1 d4 Nf6 2 Nf3 g6: Torre, London and Colle Systems} (14. Rfd1 Qb8 15. Nb1 Ne4 16. Bxg7 Kxg7 17. Nfd2 Ndf6 18. Nxe4 Bxe4 19. Nc3 Bc6 20. Bf1 Rc7 21. f3 Qc8 22. e4 {0-1 (65) Aleksandrov,A (2589)-McShane,L (2640) Katowice 2017}) 14... Qb8 {[%emt 0:01:04]} 15. Rfc1 {[%emt 0:03:44] LiveBook: 5 Games} Rc7 $146 {[%emt 0:00:36]} ({Predecessor:} 15... Qa8 16. Bf1 Rc7 17. Qa2 Ne4 18. Bxg7 Kxg7 19. Nd4 a6 20. Nxe4 Bxe4 21. Rc3 Rfc8 {1-0 (57) Mateuta,G (2468)-Valeanu,E (2361) Predeal 2006}) 16. Bf1 {[%emt 0:07:24]} Rfc8 {[%emt 0:00:49]} 17. h3 {[%emt 0:02:43]} Ne4 {[%emt 0:04:55]} 18. Bxg7 {[%emt 0:01:57]} Kxg7 {[%emt 0:01:33]} 19. Nd4 {[%emt 0:12:33]} Nxd2 {[%emt 0:04:42]} 20. Rxd2 {[%emt 0:00:09]} a6 {[%emt 0:00:40]} 21. Rdc2 {[%emt 0:03:50]} Kg8 {[%emt 0:07:39]} 22. Rc3 {[%emt 0:05:00]} Nf6 {[%emt 0:05:24]} 23. Ne2 {[%emt 0:04:15]} h5 {[%emt 0:05:00]} 24. Qd1 {[%emt 0:02:18]} Bc6 {[%emt 0:10:01]} 25. Rd3 {[%emt 0:09:32]} a5 {[%emt 0:11:05]} 26. Nc3 {[%emt 0:01:49]} axb4 {[%emt 0:00:23]} 27. axb4 {[%emt 0:00:05]} Ne4 {[%emt 0:02:45]} 28. Nxe4 {[%emt 0:00:26]} Bxe4 {[%emt 0:00:02]} 29. Rdc3 {[%emt 0:00:18]} Bf5 {[%emt 0:02:36]} 30. Qd4 {[%emt 0:00:41]} Rc6 {[%emt 0:01:04]} 31. Be2 {[%emt 0:03:11]} e5 {[%emt 0:00:35]} 32. Qd5 {[%emt 0:00:51]} Be6 {[%emt 0:02:29]} 33. Qb5 {[%emt 0:00:16]} Qa7 {[%emt 0:04:32]} 34. Kh2 {[%emt 0:00:55]} Kg7 {[%emt 0:03:07]} 35. Bf3 {[%emt 0:00:30]} R6c7 {[%emt 0:00:08]} 36. R3c2 {[%emt 0:00:22]} h4 {[%emt 0:06:07]} 37. Be2 {[%emt 0:00:14]} d5 {[%emt 0:04:05]} 38. c5 {[%emt 0:00:45]} (38. Rd1 $11) 38... bxc5 {[%emt 0:00:20]} 39. Rxc5 {[%emt 0:00:26]} Rxc5 {[%emt 0:00:17]} (39... Rb7 $5 {[%cal Rb7b5]} 40. Qd3 Rxc5 41. bxc5 Qa2 $11) 40. bxc5 {[%emt 0:00:42]} Qa3 {[%emt 0:01:13]} 41. Rc2 {[%emt 0:03:01]} d4 {[%emt 0:08:14]} 42. c6 {[%emt 0:07:49]} Qd6 {[%emt 0:03:56]} 43. Qc5 {[%emt 0:02:50]} Qc7 {[%emt 0:04:02]} 44. exd4 {[%emt 0:03:21]} exd4+ {[%emt 0:00:21]} 45. Kg1 {[%emt 0:00:05]} Rd8 {[%emt 0:04:54]} 46. Bf3 {[%emt 0:03:10]} d3 {[%emt 0:03:34]} 47. Rd2 {[%emt 0:00:40]} Bf5 {[%emt 0:00:24]} 48. Qc3+ {[%emt 0:01:24]} Kg8 $11 {[%emt 0:05:54]} 49. Bg4 {[%emt 0:02:07]} Rb8 {[%emt 0:10:52]} 50. Rd1 {[%emt 0:00:36]} Bxg4 {[%emt 0:02:00]} 1/2-1/2

[Event "WTCC-50 2018"]
[Site "Radebeul"]
[Date "2018.07.08"]
[Round "2"]
[White "Tolhuizen, Ludo"]
[Black "Volke, Karsten"]
[Result "0-1"]
[WhiteElo "2118"]
[BlackElo "2474"]
[Annotator "ChessBase"]
[PlyCount "76"]
[EventDate "2018.07.07"]
[EventType "team-tourn"]
[EventCountry "GER"]
[SourceTitle "playchess.com"]
[Source "ChessBase"]
[SourceQuality "1"]
[TimeControl "40/5400+30:1800+30"]

1. e4 {[%emt 0:00:00]} c5 {[%emt 0:00:00]} 2. d3 {[%emt 0:00:00]} Nc6 {[%emt 0:00:00]} 3. f4 {[%emt 0:00:07]} d5 {[%emt 0:02:24]} 4. Nc3 {[%emt 0:05:06]} d4 {[%emt 0:05:07]} 5. Nce2 {[%emt 0:00:34]} e5 {[%emt 0:00:06]} 6. Nf3 {[%emt 0:05:29]} Bd6 {[%emt 0:00:26]} 7. g3 {[%emt 0:00:54]} h5 {[%emt 0:08:24]} 8. h3 {[%emt 0:07:55]} Qc7 {[%emt 0:08:06]} 9. f5 {[%emt 0:04:21]} Nf6 {[%emt 0:05:04]} 10. Bg2 {[%emt 0:03:51]} Bd7 {[%emt 0:01:47]} 11. c4 {[%emt 0:06:03]} dxc3 {[%emt 0:08:39]} 12. Nxc3 {[%emt 0:01:59]} Nd4 {[%emt 0:00:06]} 13. O-O {[%emt 0:01:48]} Bc6 {[%emt 0:01:00]} 14. Bg5 {[%emt 0:08:39]} Nh7 {[%emt 0:10:28]} 15. Be3 {[%emt 0:01:50]} O-O-O {[%emt 0:02:37]} 16. Rc1 {[%emt 0:00:52]} Kb8 {[%emt 0:00:12]} 17. Bf2 {[%emt 0:06:52]} Be7 {[%emt 0:06:24]} 18. Nxd4 {[%emt 0:13:19]} exd4 {[%emt 0:01:49]} 19. Ne2 {[%emt 0:03:02]} Qa5 {[%emt 0:00:33]} 20. a3 {[%emt 0:06:44]} Ba4 {[%emt 0:12:43]} 21. b3 {[%emt 0:02:07]} Bb5 {[%emt 0:00:10]} 22. a4 {[%emt 0:02:32]} Ba6 {[%emt 0:02:27]} 23. Nf4 {[%emt 0:03:33]} Bg5 {[%emt 0:02:29]} 24. Be1 {[%emt 0:00:29]} Qb6 {[%emt 0:00:53]} 25. Bd2 {[%emt 0:00:25]} h4 {[%emt 0:06:26]} 26. gxh4 {[%emt 0:03:08]} Bh6 {[%emt 0:00:09]} 27. Qc2 {[%emt 0:03:05]} Rhe8 {[%emt 0:03:34]} 28. Rfe1 {[%emt 0:04:13]} Qd6 {[%emt 0:02:02]} 29. Nd5 {[%emt 0:01:11]} Bxd2 {[%emt 0:01:49]} 30. Qxd2 {[%emt 0:00:03]} Nf6 {[%emt 0:00:07]} 31. Nxf6 {[%emt 0:02:47]} gxf6 {[%emt 0:00:10]} 32. Bf1 {[%emt 0:00:21]} Rg8+ {[%emt 0:00:47]} 33. Kh1 {[%emt 0:00:06]} Rg3 {[%emt 0:04:38]} 34. Qh2 {[%emt 0:00:09]} b6 {[%emt 0:01:49]} 35. Rcd1 {[%emt 0:00:35]} Rh8 {[%emt 0:01:31]} 36. e5 {[%emt 0:00:50]} Bb7+ {[%emt 0:00:15]} 37. Re4 {[%emt 0:00:10]} Bxe4+ {[%emt 0:00:20]} 38. dxe4 {[%emt 0:00:04]} Qxe5 {[%emt 0:00:05]} 0-1